| 000 | 01285cam a22002894a 4500 | ||
|---|---|---|---|
| 999 |
_c332338 _d332338 |
||
| 001 | 12794668 | ||
| 003 | NUST | ||
| 005 | 20171124142020.0 | ||
| 008 | 020530s2002 enkab b 001 0 eng | ||
| 010 | _a 2002070753 | ||
| 020 | _a0415273404 | ||
| 020 | _a0419213902 (pbk.) | ||
| 040 |
_aDLC _cDLC _dDLC |
||
| 042 | _apcc | ||
| 050 | 0 | 0 |
_aTD195.A34 _bA367 2002 |
| 082 | 0 | 0 |
_a628.52 GRA _221 |
| 245 | 0 | 0 |
_aAgricultural pollution : _benvironmental problems and practical solutions / _cGraham Merrington ... [edited al.]. |
| 260 |
_aLondon : _aNew York : _bSpon Press, _c2002. |
||
| 300 |
_axiv, 243 p. : _bill., map ; _c24 cm. |
||
| 440 | 0 |
_aSpon's environmental science and engineering series. _96780 |
|
| 500 | _aP.B | ||
| 504 | _aIncludes bibliographical references and indexes. | ||
| 650 | 0 |
_aAgricultural pollution. _96032 |
|
| 650 | 0 |
_aAgriculture and state. _96781 |
|
| 700 | 1 |
_aMerrington, Graham, _d1968- _96782 |
|
| 856 | 4 | 2 |
_3Publisher description _uhttp://www.loc.gov/catdir/enhancements/fy0650/2002070753-d.html |
| 906 |
_a7 _bcbc _corignew _d1 _eocip _f20 _gy-gencatlg |
||
| 942 |
_2ddc _cBK _kIESE |
||